| 000 | 00449nam a2200145 4500 | ||
|---|---|---|---|
| 999 |
_c6265 _d6265 |
||
| 008 | 170220b xxu||||| |||| 00| 0 eng d | ||
| 082 | _aDPer 910.5 T69 Jan-Aug 2015 v. 1-4 | ||
| 100 |
_918863 _aGregorio, Cristina |
||
| 245 |
_aVamos a México/ _cCristina Gregorio. |
||
| 260 |
_aPhilippines: _bOne Mega Group, _c©2015. |
||
| 300 |
_av3, page 32: _billustrations; _c28 cm. |
||
| 500 | _aTravel Now. | ||
| 650 | 0 |
_918864 _aAirlines |
|
| 942 |
_2ddc _cPER |
||